| 000 | 00662nam a2200193Ia 4500 | ||
|---|---|---|---|
| 008 | 0000002002 fr a 0000000000fre00 | ||
| 090 | _aPSP00 C14c | ||
| 100 | 1 |
_aCalvo, Carmen _d1950 |
|
| 245 | 1 | 0 |
_aCarmen Calvo _b: picabia ; destins croisés |
| 300 |
_a1 plegable [4] p. _c/ 21 cm. |
||
| 500 | _aCon el patronazgo del maestro venezolano Jesús Rafael Soto (q.e.p.d.) | ||
| 600 | 0 | 0 |
_aCALVO, CARMEN, 1950/ _xTRABAJOS PICTORICOS |
| 650 | 1 | 4 | _aARTE CONTEMPORANEO ESPAÑOL |
| 650 | 1 | 4 | _xCATALOGOS |
| 650 | 1 | 4 | _xEXPOSICIONES |
| 650 | 1 | 4 | _aPINTORES ESPAÑOLES |
| 650 | 1 | 4 | _aPINTURA ESPAÑOLA |
| 999 |
_c2000 _d2000 |
||
| 260 |
_aParis : Galerie Patrice Trigano _c2002 |
||